[Event "XV Closed IM BCC 2021"]
[Site "Barcelona"]
[Date "2021.05.03"]
[Round "1.1"]
[White "Girel, Joseph"]
[Black "Nottola, Adrien"]
[Result "1-0"]
[WhiteElo "2310"]
[BlackElo "2101"]
[Annotator "TA"]
[PlyCount "83"]
[EventDate "2021.05.03"]
[EventType "tourn"]
[EventCountry "ESP"]
[SourceTitle "playchess.com"]
[Source "ChessBase"]
[SourceQuality "1"]

{[%evp 9,83,21,26,35,36,35,28,23,43,31,42,30,29,20,25,25,44,39,42,38,46,45,40,26,47,26,44,27,36,23,53,-13,-16,-37,-33,-62,-52,-48,-25,0,0,0,0,0,0,-58,-58,-105,-109,-331,-326,-317,-306,-322,-222,-551,-564,-817,-809,-1276,0,-1265,-1258,-953,1210,1100,1487,601,1438,1230,1727,1596,29987,29988,29987,174]} 1. e4 c5 2. Nf3 d6 3. Bb5+ Nd7 4. O-O a6 5. Bd3 g6 6. c3 {B51: Sicilian: Moscow Variation (3 Bb5+) without 3...Bd7.} Bg7 7. Bc2 Ne5 8. Nxe5 {White has an edge.} dxe5 9. d3 Nf6 10. Be3 b6 {[#]} 11. f3 $146 ({Predecessor:} 11. Nd2 O-O 12. b4 cxb4 13. cxb4 Bb7 14. Rc1 Rc8 15. Qe2 Bc6 16. Bb1 Qc7 17. Nc4 {1-0 (29) Toubekis,P (1661)-Apostolakakis,K (2033) Porto Rio 2016}) 11... O-O 12. a4 a5 13. Na3 Ba6 14. Qe2 Nh5 15. g3 Qd7 16. Nc4 Rab8 17. Qg2 Rfd8 18. Rad1 Qc6 19. Bb3 Rd7 20. f4 (20. Qc2 $14) 20... exf4 $11 21. gxf4 e6 $1 22. Qe2 Rbd8 23. Bc1 Bxc4 24. Bxc4 Qxa4 25. f5 $1 {[%cal Rf5e6]} exf5 26. exf5 Qc6 $1 27. fxg6 (27. d4 $11) 27... hxg6 $15 ({Worse is} 27... Qxg6+ 28. Kh1 $16) 28. Bg5 Bf6 29. Qxh5 gxh5 $19 30. Rxf6 Qb7 {And now ...b5 would win.} 31. Rdf1 {Hoping for Rxf7.} Re8 {...Re2 is the strong threat.} 32. R6f3 $2 (32. R1f3 {is more resistant.} Re1+ 33. Kf2) 32... b5 33. Ba2 {intending Rg3.} Re2 34. Rg3 {[#]} c4 $2 (34... Rxd3 $1 $19 {[%mdl 512]} 35. Be3+ Kh8) 35. dxc4 $2 {[%mdl 8192] [#]} (35. Be7+ $11 Kh8 36. Bf6+ Kh7 37. Rg7+ Kh6 38. Rg8) 35... Rd3 $3 {[%mdl 512] ( -> ...Rxg3+)} 36. Be3+ Kf8 $4 {[%mdl 8192]} (36... Kh8 $19 37. Bd4+ {[%mdl 64] [#] Discovered Attack} Rxd4 $1 {[%mdl 512]} 38. cxd4 Qe4) 37. Bc5+ $18 {[%mdl 64] Discovered Attack} Ke8 38. Rg8+ Kd7 39. Rxf7+ Kc6 40. Rg6+ Kxc5 41. Rf5+ {[%mdl 64] Double Attack} (41. Rxb7 $2 {is a self mate.} Rd1#) 41... Qd5 42. Rxd5+ {Quite a comeback for White.  Weighted Error Value: White=0.69/Black=0.25} 1-0

[Event "XV Closed IM BCC 2021"]
[Site "Barcelona"]
[Date "2021.05.03"]
[Round "1.2"]
[White "Saya, Ethan"]
[Black "Perez Mitjans, Orelvis"]
[Result "0-1"]
[WhiteElo "2230"]
[BlackElo "2412"]
[Annotator "TA"]
[PlyCount "70"]
[EventDate "2021.05.03"]
[EventType "tourn"]
[EventCountry "ESP"]
[SourceTitle "playchess.com"]
[Source "ChessBase"]
[SourceQuality "1"]

{[%evp 10,70,26,0,18,18,21,24,37,0,28,-13,0,-28,0,0,7,-20,7,-30,0,-64,-64,-81,-62,-98,-64,-64,-64,-59,-59,-58,-67,-102,-101,-137,-131,-125,-113,-122,-129,-129,-135,-410,-399,-402,-397,-749,-738,-1314,-1126,-1466,-1435,-1606,-1570,-1889,-1896,-29982,-29983,-29983,-29984,-29984,-29985]} 1. e4 c5 2. Nc3 a6 3. g3 b5 4. Bg2 Bb7 5. d3 e6 6. Nh3 Nf6 {B23: Closed Sicilian: Lines without g3.} 7. O-O d6 8. f4 b4 {White has an edge.} 9. Ne2 Nbd7 {[#]} 10. f5 $146 ({Predecessor:} 10. Nf2 h5 11. h3 Qc7 12. a3 a5 13. c3 bxc3 14. bxc3 Be7 15. a4 Rb8 16. c4 {0-1 (61) Predke,A (2632)-Fedorchuk,S (2633) Riga 2019}) 10... e5 11. Nf2 h5 12. c4 Be7 13. Be3 Nb8 14. h3 Nc6 15. g4 (15. h4 $11) 15... hxg4 $15 16. hxg4 Nh7 17. Nh3 Ng5 18. Nxg5 Bxg5 19. Qd2 Bxe3+ 20. Qxe3 Qh4 21. Qg3 Qg5 $36 {[%mdl 2048] Black has strong initiative.} 22. Rad1 O-O-O 23. Kf2 Rh4 24. Bf3 Rdh8 25. Rh1 Rxh1 26. Rxh1 {[%mdl 8192] [#] This costs White the game.} (26. Bxh1 $17 {was forced.} f6 27. Bf3) 26... Rxh1 $19 27. Bxh1 Qd2 28. Qe3 $2 (28. g5 Kc7 29. g6) 28... Qxb2 29. Qg5 Qxa2 30. Qxg7 b3 {[%cal Bb4b3,Bb3b2][%mdl 32]} 31. Qf8+ Kc7 32. Qxf7+ Kb6 33. f6 b2 {Black mates.} 34. Nc3 Qb3 35. Nd5+ Ka7 {Weighted Error Value: White=1.04/Black=0.07} 0-1

[Event "XV Closed IM BCC 2021"]
[Site "Barcelona"]
[Date "2021.05.03"]
[Round "1.3"]
[White "Lucas, Arthur"]
[Black "Valenzuela Gomez, Fernando"]
[Result "1/2-1/2"]
[WhiteElo "2310"]
[BlackElo "2382"]
[Annotator "TA"]
[PlyCount "90"]
[EventDate "2021.05.03"]
[EventType "tourn"]
[EventCountry "ESP"]
[SourceTitle "playchess.com"]
[Source "ChessBase"]
[SourceQuality "1"]

{[%evp 18,90,15,21,21,10,12,15,6,13,17,12,10,0,0,0,0,-6,0,0,0,0,0,0,20,0,0,-6,0,-13,-8,-8,-6,0,6,0,0,-57,-51,-52,-55,-37,0,-9,0,0,0,0,0,-19,-24,-29,-14,-26,-19,-29,-42,-35,-35,-41,-41,-41,-41,-66,-20,-35,-6,-6,-6,-7,0,-32,-35,-38,-15]} 1. e4 c5 2. Nf3 d6 3. d4 cxd4 4. Nxd4 Nf6 5. Nc3 Nc6 6. Bg5 e6 7. Qd2 a6 8. O-O-O Bd7 $1 {8...Bd7 scores better than 8...h6.} 9. f3 Nxd4 10. Qxd4 h6 {B67: Sicilian: Richter-Rauzer: 7...a6 8 0-0-0 Bd7, lines without 9 f4 Be7.} 11. Be3 Bc6 12. Kb1 d5 {The position is equal.} 13. exd5 Nxd5 14. Nxd5 Qxd5 15. Bc4 Qxd4 16. Bxd4 O-O-O {[#]} 17. Be5 $146 ({Predecessor:} 17. c3 Rg8 18. Bd3 Be7 19. Bc2 Bf6 20. Bf2 g5 21. h3 h5 22. Be4 Rxd1+ 23. Rxd1 Bxe4+ 24. fxe4 {0-1 (39) Harshavardhan,G (2397)-Jacobson,B (2491) Chess.com INT 2021}) 17... Rxd1+ 18. Rxd1 h5 19. Rd2 h4 20. h3 Bd7 21. Kc1 f6 22. Bd4 Bd6 {...Bf4 is the strong threat.} 23. Kd1 Bf4 24. Rd3 Rh5 (24... b5 $5 25. Bb3 $8 a5 $11) 25. Bb6 {[#] Strongly threatening Bxe6!} Rh8 (25... Bc7 {is interesting.} 26. Be3 b5 27. Bb3 a5 28. a3 Be5) 26. Ke2 Re8 27. Rc3 (27. Rd1 $11) 27... Be5 $15 28. Rb3 Ba4 29. Re3 Bd7 30. b3 g5 31. Bd3 Bf4 32. Re4 Bc6 33. Rd4 Be5 34. Rc4 f5 35. Be3 Bf6 36. Bd4 Bxd4 37. Rxd4 $11 {[%mdl 4096] Endgame KRB-KRB} Kc7 {[#] aiming for ...e5.} 38. Ke3 b5 39. Bf1 e5 40. Rd2 a5 41. a3 b4 42. axb4 axb4 {[%cal Ba5b4,Bb4c3][%mdl 32]} 43. Bd3 Rf8 44. c3 bxc3 45. Rc2 $1 Kd6 {Weighted Error Value: White=0.09/Black=0.06} 1/2-1/2

[Event "XV Closed IM BCC 2021"]
[Site "Barcelona"]
[Date "2021.05.03"]
[Round "1.4"]
[White "Papadiamandis, Elliot"]
[Black "Hernandez, Cristian Andres"]
[Result "1/2-1/2"]
[WhiteElo "2292"]
[BlackElo "2357"]
[Annotator "TA"]
[PlyCount "31"]
[EventDate "2021.05.03"]
[EventType "tourn"]
[EventCountry "ESP"]
[SourceTitle "playchess.com"]
[Source "ChessBase"]
[SourceQuality "1"]

{[%evp 21,31,22,14,0,26,24,37,4,25,0,0,0]} 1. e4 e5 2. Nf3 Nc6 3. Bc4 Nf6 4. d3 Bc5 5. c3 d6 6. Nbd2 {[%cal Bb1d2,Bd2f1,Bf1g3][%mdl 32]} a6 7. Bb3 O-O 8. O-O Ba7 9. h3 h6 10. Re1 Re8 11. Nf1 Be6 12. Be3 {C54: Giuoco Piano: 4 c3 Nf6, main lines with 5 d4 and 5 d3.} d5 13. Bxa7 Rxa7 14. Ng3 dxe4 15. dxe4 Qxd1 {[#]} 16. Rexd1 $146 {A rather calm draw.  Weighted Error Value: White=0.16/Black=0.10} ({Predecessor:} 16. Raxd1 Bxb3 17. axb3 Raa8 18. Nd2 a5 19. Nc4 g6 20. Ne3 {0-1 (20) Kudrin,S (2540)-Kaidanov,G (2616) Chicago 2002}) 1/2-1/2

[Event "XV Closed IM BCC 2021"]
[Site "Barcelona"]
[Date "2021.05.03"]
[Round "1.5"]
[White "Alcala Gonzalez, Cesar"]
[Black "Garcia Ramos, Daniel"]
[Result "1/2-1/2"]
[WhiteElo "2110"]
[BlackElo "2436"]
[Annotator "TA"]
[PlyCount "91"]
[EventDate "2021.05.03"]
[EventType "tourn"]
[EventCountry "ESP"]
[SourceTitle "playchess.com"]
[Source "ChessBase"]
[SourceQuality "1"]

{[%evp 19,91,0,0,-13,11,0,2,0,22,20,12,20,15,10,20,-20,0,-6,9,0,0,-18,-14,-16,-11,-14,-1,-8,-7,-20,20,16,130,-36,-35,-29,-21,-35,-24,-24,-13,-32,-36,-72,-13,-16,0,-63,-52,-47,-42,-92,-93,-234,-127,-122,-50,-41,0,0,0,0,0,0,0,-12,0,0,0,0,20,20,27,0]} 1. d4 d5 2. c4 c6 3. Nf3 Nf6 4. Nc3 e6 5. e3 Bd6 6. Bd3 dxc4 7. Bxc4 b5 8. Bd3 Nbd7 9. O-O O-O 10. e4 e5 11. Bg5 {D46: Semi-Slav: 5 e3 Nbd7 6 Bd3, Black avoids the Meran.} exd4 12. Nxd4 Ne5 13. Be2 {The position is equal.} h6 14. Bxf6 Qxf6 15. f4 Bc5 16. Kh1 ({Don't go for} 16. fxe5 $2 Qxe5 17. Kh1 Bxd4 $19) 16... Ng4 17. Bxg4 (17. e5 {looks sharper.} Qh4 18. Bxg4 Bxg4 19. Nf3 Qe7 20. Qc2) 17... Qxd4 {[#]} 18. Bf3 $146 ({Predecessor:} 18. Qf3 Bxg4 19. Qxg4 Rad8 20. e5 Rfe8 21. Rae1 Bb4 22. Qg3 Bxc3 23. bxc3 Qd3 24. Rf3 {1-0 (33) Tallaksen,L (2217)-Al Tarbosh,W (2258) Stavanger 2017}) 18... Rb8 19. Qc2 Be6 20. f5 Bc8 21. Ne2 Qe5 22. Nf4 {And now Nd3 would win.} Bd6 23. g3 c5 24. Nd3 Qd4 25. Rad1 Bb7 (25... c4 $11 26. Nf4 Qc5) 26. e5 $2 (26. Nf2 $1 $16 Qe5 27. Ng4) 26... Bxf3+ $15 27. Rxf3 {[#]} Qd5 $36 {[%mdl 2048] Black has good play.} 28. Kg2 Bxe5 29. Qxc5 Rfd8 30. Rc1 Bf6 31. b3 Qb7 (31... Qe4 $17 32. Qc2 Bg5) 32. Qc6 $11 Qe7 {Threatens to win with ...Rxd3!} 33. Rc2 (33. Re1 $11 Qf8 34. Re2) 33... Rb6 $15 34. Qc7 Qe4 35. Qf4 Qa8 {Strongly threatening ...Rxd3.} 36. Nc5 {[#]} (36. Nf2 $17) 36... Rd4 (36... Rc6 $1 $19 {Hoping for ...a5.} 37. a3 a5) 37. Qe3 $17 {[#]} Rbd6 (37... Rc6 $1 $17 {...Qc8 is the strong threat.} 38. a3 Rc8) 38. Re2 $15 Bg5 (38... Rd8 {feels hotter.} 39. Ne4 Be5 40. Kh3 f6 41. Kg2 b4) 39. Qe8+ Qxe8 40. Rxe8+ Kh7 41. Ne4 Rc6 42. Nxg5+ hxg5 43. Re7 Rc2+ 44. Rf2 Rdd2 45. Rxd2 Rxd2+ 46. Kf3 {Weighted Error Value: White=0.24/Black=0.22} 1/2-1/2

[Event "XV Closed IM BCC 2021"]
[Site "Barcelona"]
[Date "2021.05.04"]
[Round "2.1"]
[White "Nottola, Adrien"]
[Black "Garcia Ramos, Daniel"]
[Result "1-0"]
[WhiteElo "2101"]
[BlackElo "2436"]
[Annotator "NA"]
[PlyCount "55"]
[EventDate "2021.05.03"]
[EventType "tourn"]
[EventCountry "ESP"]
[SourceTitle "playchess.com"]
[Source "ChessBase"]
[SourceQuality "1"]
[TimeControl "5400+30"]

1. e4 {[%emt 0:00:00]} c6 {[%emt 0:04:18]} 2. d4 {[%emt 0:00:00]} d5 {[%emt 0:00:05]} 3. f3 {[%emt 0:00:03]} dxe4 {[%emt 0:02:59]} 4. fxe4 {[%emt 0:00:02]} e5 {[%emt 0:00:10]} 5. Nf3 {[%emt 0:00:13]} Bg4 {[%emt 0:00:25]} 6. c3 {[%emt 0:00:46]} Nd7 {[%emt 0:03:33]} 7. Bd3 {[%emt 0:00:28]} Ngf6 {[%emt 0:00:51]} 8. O-O {[%emt 0:00:35]} Bd6 {[%emt 0:08:56]} 9. Na3 {[%emt 0:00:09]} Qc7 {[%emt 0:07:50]} 10. Nc4 {[%emt 0:17:47]} O-O {[%emt 0:14:43]} 11. Qe1 {[%emt 0:20:51]} b5 {[%emt 0:29:01]} 12. Nxd6 {[%emt 0:08:08]} Qxd6 {[%emt 0:00:02]} 13. Qg3 {[%emt 0:01:57]} Rfe8 {[%emt 0:02:07]} 14. Nxe5 {[%emt 0:14:17]} Nxe5 {[%emt 0:00:49]} 15. Bf4 {[%emt 0:00:45]} Nh5 {[%emt 0:04:27]} 16. Qxg4 {[%emt 0:04:52]} Qxd4+ {[%emt 0:00:10]} 17. cxd4 {[%emt 0:00:08]} Nxg4 {[%emt 0:00:05]} 18. Bd6 {[%emt 0:04:46]} Rad8 {[%emt 0:03:26]} 19. e5 {[%emt 0:01:03]} Nhf6 {[%emt 0:03:19]} 20. Rac1 {[%emt 0:02:05]} Nd5 {[%emt 0:04:16]} 21. Rxc6 {[%emt 0:00:52]} Nb4 {[%emt 0:02:22]} 22. Rc7 {[%emt 0:15:27]} Nxd3 {[%emt 0:00:18]} 23. Rfxf7 {[%emt 0:00:02]} Nf6 {[%emt 0:00:30]} 24. Rxg7+ {[%emt 0:00:40]} Kh8 {[%emt 0:00:01]} 25. h3 {[%emt 0:05:30]} Rxd6 {[%emt 0:05:18]} 26. exd6 {[%emt 0:00:00]} Rd8 {[%emt 0:00:01]} 27. Rxa7 {[%emt 0:00:20]} Rxd6 {[%emt 0:00:28]} 28. Rg3 {[%emt 0:00:08]} 1-0

[Event "XV Closed IM BCC 2021"]
[Site "Barcelona"]
[Date "2021.05.04"]
[Round "2.2"]
[White "Hernandez, Cristian Andres"]
[Black "Alcala Gonzalez, Cesar"]
[Result "1-0"]
[WhiteElo "2357"]
[BlackElo "2110"]
[Annotator "NA"]
[PlyCount "67"]
[EventDate "2021.05.03"]
[EventType "tourn"]
[EventCountry "ESP"]
[SourceTitle "playchess.com"]
[Source "ChessBase"]
[SourceQuality "1"]
[TimeControl "5400+30"]

1. Nf3 d5 {[%emt 0:00:00]} 2. g3 {[%emt 0:02:18]} Nf6 {[%emt 0:00:10]} 3. Bg2 {[%emt 0:00:53]} Bg4 {[%emt 0:00:16]} 4. Ne5 {[%emt 0:01:49]} Bf5 {[%emt 0:10:15]} 5. c4 {[%emt 0:00:56]} Be4 {[%emt 0:07:46]} 6. f3 {[%emt 0:08:12]} Bxb1 {[%emt 0:00:00]} 7. Rxb1 {[%emt 0:00:11]} c6 {[%emt 0:01:58]} 8. O-O {[%emt 0:16:31]} e6 {[%emt 0:06:04]} 9. d4 {[%emt 0:01:42]} Nbd7 {[%emt 0:01:35]} 10. f4 {[%emt 0:03:55]} Be7 {[%emt 0:04:32]} 11. c5 {[%emt 0:06:50]} Ne4 {[%emt 0:10:09]} 12. Bxe4 {[%emt 0:12:23]} dxe4 {[%emt 0:00:02]} 13. b4 {[%emt 0:00:42]} Nxe5 {[%emt 0:12:11]} 14. dxe5 {[%emt 0:06:21]} a5 {[%emt 0:12:06]} 15. Be3 {[%emt 0:02:02]} O-O {[%emt 0:05:44]} 16. Qxd8 {[%emt 0:10:58]} Rfxd8 {[%emt 0:00:43]} 17. b5 {[%emt 0:00:12]} Kf8 {[%emt 0:12:44]} 18. bxc6 {[%emt 0:00:13]} bxc6 {[%emt 0:00:02]} 19. Rb6 {[%emt 0:00:31]} Rdc8 {[%emt 0:00:12]} 20. Rd1 {[%emt 0:05:08]} Ke8 {[%emt 0:02:08]} 21. a4 {[%emt 0:02:24]} Bd8 {[%emt 0:00:44]} 22. Rb7 {[%emt 0:02:17]} Bc7 {[%emt 0:01:46]} 23. Kf2 {[%emt 0:02:09]} f5 {[%emt 0:01:26]} 24. Rdb1 {[%emt 0:04:30]} h5 {[%emt 0:02:49]} 25. Bd2 {[%emt 0:01:11]} Kd8 {[%emt 0:00:59]} 26. Bc3 {[%emt 0:01:03]} g6 {[%emt 0:00:49]} 27. Rd1+ {[%emt 0:00:34]} Ke8 {[%emt 0:00:27]} 28. Rd6 {[%emt 0:00:46]} Bxd6 {[%emt 0:00:23]} 29. exd6 {[%emt 0:00:04]} Kf8 {[%emt 0:00:38]} 30. Bf6 {[%emt 0:01:58]} Re8 {[%emt 0:01:43]} 31. Ke3 {[%emt 0:01:06]} Kg8 {[%emt 0:01:14]} 32. Kd4 {[%emt 0:00:58]} Rf8 {[%emt 0:00:36]} 33. Rg7+ {[%emt 0:01:22]} Kh8 {[%emt 0:00:05]} 34. Rf7+ {[%emt 0:00:05]} 1-0

[Event "XV Closed IM BCC 2021"]
[Site "Barcelona"]
[Date "2021.05.04"]
[Round "2.3"]
[White "Valenzuela Gomez, Fernando"]
[Black "Papadiamandis, Elliot"]
[Result "0-1"]
[WhiteElo "2382"]
[BlackElo "2292"]
[Annotator "NA"]
[PlyCount "82"]
[EventDate "2021.05.03"]
[EventType "tourn"]
[EventCountry "ESP"]
[SourceTitle "playchess.com"]
[Source "ChessBase"]
[SourceQuality "1"]
[TimeControl "5400+30"]

1. Nf3 {[%emt 0:12:34]} Nf6 {[%emt 0:00:00]} 2. c4 {[%emt 0:00:10]} g6 {[%emt 0:00:09]} 3. Nc3 {[%emt 0:00:27]} Bg7 {[%emt 0:00:44]} 4. e4 {[%emt 0:01:01]} e5 {[%emt 0:00:21]} 5. Nxe5 {[%emt 0:00:31]} O-O {[%emt 0:01:07]} 6. d3 {[%emt 0:00:32]} Re8 {[%emt 0:01:43]} 7. f4 {[%emt 0:04:20]} d6 {[%emt 0:12:11]} 8. Nf3 {[%emt 0:01:00]} d5 {[%emt 0:06:08]} 9. cxd5 {[%emt 0:07:53]} Nxd5 {[%emt 0:01:30]} 10. Bd2 {[%emt 0:05:57]} Nb4 {[%emt 0:07:31]} 11. Be3 {[%emt 0:04:43]} Bg4 {[%emt 0:04:03]} 12. Qd2 {[%emt 0:04:21]} N8c6 {[%emt 0:13:03]} 13. a3 {[%emt 0:11:47]} Na6 {[%emt 0:04:31]} 14. Ne5 {[%emt 0:06:12]} Rxe5 {[%emt 0:12:53]} 15. fxe5 {[%emt 0:00:59]} Nd4 {[%emt 0:00:22]} 16. Bxd4 {[%emt 0:06:35]} Qxd4 {[%emt 0:01:49]} 17. Qf2 {[%emt 0:00:33]} Qxe5 {[%emt 0:02:59]} 18. d4 {[%emt 0:04:03]} Qxd4 {[%emt 0:04:10]} 19. Qxd4 {[%emt 0:00:21]} Bxd4 {[%emt 0:00:07]} 20. h3 {[%emt 0:01:52]} Be6 {[%emt 0:00:32]} 21. Bxa6 {[%emt 0:00:35]} bxa6 {[%emt 0:00:51]} 22. O-O-O {[%emt 0:02:58]} Be5 {[%emt 0:00:38]} 23. Nd5 {[%emt 0:02:53]} Rb8 {[%emt 0:02:22]} 24. b4 {[%emt 0:04:11]} c6 {[%emt 0:05:54]} 25. Ne3 {[%emt 0:00:09]} a5 {[%emt 0:01:03]} 26. bxa5 {[%emt 0:03:13]} Rb3 {[%emt 0:00:53]} 27. Ng4 {[%emt 0:02:27]} Bf4+ {[%emt 0:05:03]} 28. Kc2 {[%emt 0:00:06]} Rxa3 {[%emt 0:00:06]} 29. Ra1 {[%emt 0:01:24]} Rg3 {[%emt 0:00:05]} 30. Rhf1 {[%emt 0:02:29]} Bc7 {[%emt 0:04:08]} 31. Rf2 {[%emt 0:01:15]} h5 {[%emt 0:01:08]} 32. Nf6+ {[%emt 0:01:57]} Kf8 {[%emt 0:00:01]} 33. h4 {[%emt 0:00:13]} Be5 {[%emt 0:01:13]} 34. Rb1 {[%emt 0:01:07]} Ra3 {[%emt 0:01:15]} 35. Kd1 {[%emt 0:01:15]} Rxa5 {[%emt 0:02:05]} 36. Nh7+ {[%emt 0:00:46]} Kg8 {[%emt 0:00:42]} 37. Ng5 {[%emt 0:00:22]} Bg3 {[%emt 0:01:11]} 38. Rf1 {[%emt 0:01:27]} Bc4 {[%emt 0:01:01]} 39. Rf3 {[%emt 0:00:14]} Bxh4 {[%emt 0:00:05]} 40. Rb4 {[%emt 0:03:10]} Ba2 {[%emt 0:01:53]} 41. Nxf7 {[%emt 0:01:54]} Bxf7 {[%emt 0:00:07]} 0-1

[Event "XV Closed IM BCC 2021"]
[Site "Barcelona"]
[Date "2021.05.04"]
[Round "2.4"]
[White "Perez Mitjans, Orelvis"]
[Black "Lucas, Arthur"]
[Result "1-0"]
[WhiteElo "2412"]
[BlackElo "2310"]
[Annotator "NA"]
[PlyCount "103"]
[EventDate "2021.05.03"]
[EventType "tourn"]
[EventCountry "ESP"]
[SourceTitle "playchess.com"]
[Source "ChessBase"]
[SourceQuality "1"]
[TimeControl "5400+30"]

1. e4 Nc6 2. d4 d6 3. f4 e5 4. d5 Nce7 5. Nf3 exf4 6. Bxf4 Ng6 7. Be3 Nf6 8. Nc3 Be7 9. Qd2 O-O 10. O-O-O Ng4 11. Bg1 N4e5 12. Kb1 f5 13. exf5 Nxf3 14. gxf3 Bxf5 15. Nb5 Ne5 16. Be2 Bg5 17. Be3 Bxe3 18. Qxe3 Bd7 19. Nd4 Qf6 20. Qb3 Rab8 21. Rhg1 Kh8 22. Rg3 Ng6 23. Qa3 Nf4 24. Bc4 Rfe8 25. Rgg1 a6 26. Qa5 c5 27. dxc6 bxc6 28. Qc7 Be6 29. Bb3 c5 30. Nc6 Rbc8 31. Qb7 c4 32. Ba4 Bd5 33. Rde1 Rg8 34. Qd7 Bxc6 35. Bxc6 Rb8 36. Bb7 Rgd8 37. Qe7 Qd4 38. c3 Qd3+ 39. Ka1 Ng6 40. Qg5 Qc2 41. Rg2 Qa4 42. Be4 Re8 43. Reg1 Re5 44. Qc1 Re6 45. h4 d5 46. Bc2 Qd7 47. h5 Ne5 48. Rxg7 Qxg7 49. Rxg7 Kxg7 50. Qg5+ Kh8 51. Qf5 Re7 52. Qf6+ 1-0

[Event "XV Closed IM BCC 2021"]
[Site "Barcelona"]
[Date "2021.05.04"]
[Round "2.5"]
[White "Girel, Joseph"]
[Black "Saya, Ethan"]
[Result "1-0"]
[WhiteElo "2310"]
[BlackElo "2230"]
[Annotator "NA"]
[PlyCount "65"]
[EventDate "2021.05.03"]
[EventType "tourn"]
[EventCountry "ESP"]
[SourceTitle "playchess.com"]
[Source "ChessBase"]
[SourceQuality "1"]
[TimeControl "5400+30"]

1. d4 {[%emt 0:00:00]} Nf6 {[%emt 0:00:00]} 2. c4 {[%emt 0:00:00]} e6 {[%emt 0:00:14]} 3. Nc3 {[%emt 0:00:08]} Bb4 {[%emt 0:00:44]} 4. e3 {[%emt 0:00:21]} c5 {[%emt 0:06:09]} 5. Nf3 {[%emt 0:02:28]} O-O {[%emt 0:03:31]} 6. Bd3 {[%emt 0:00:18]} cxd4 {[%emt 0:18:27]} 7. exd4 {[%emt 0:00:23]} d5 {[%emt 0:01:00]} 8. O-O {[%emt 0:00:30]} dxc4 {[%emt 0:03:40]} 9. Bxc4 {[%emt 0:00:03]} Bxc3 {[%emt 0:03:04]} 10. bxc3 {[%emt 0:00:03]} b6 {[%emt 0:00:41]} 11. Bd3 {[%emt 0:04:00]} Bb7 {[%emt 0:02:31]} 12. c4 {[%emt 0:05:48]} h6 {[%emt 0:04:31]} 13. Bb2 {[%emt 0:02:24]} Nc6 {[%emt 0:02:47]} 14. Rc1 {[%emt 0:03:17]} Rc8 {[%emt 0:01:38]} 15. Re1 {[%emt 0:03:05]} Ba6 {[%emt 0:15:27]} 16. Qe2 {[%emt 0:08:21]} Re8 {[%emt 0:05:11]} 17. a3 {[%emt 0:02:37]} Qc7 {[%emt 0:03:43]} 18. Qe3 {[%emt 0:04:07]} Na5 {[%emt 0:04:43]} 19. Ne5 {[%emt 0:01:02]} Qb7 {[%emt 0:01:47]} 20. Qg3 {[%emt 0:02:59]} b5 {[%emt 0:04:32]} 21. c5 {[%emt 0:02:12]} Qd5 {[%emt 0:02:18]} 22. Rcd1 {[%emt 0:02:17]} Nc4 {[%emt 0:02:37]} 23. Bc1 {[%emt 0:01:30]} Kf8 {[%emt 0:00:25]} 24. Qh4 {[%emt 0:01:55]} Bb7 {[%emt 0:04:10]} 25. Bf1 {[%emt 0:03:00]} Ke7 {[%emt 0:00:54]} 26. Nxc4 {[%emt 0:02:05]} bxc4 {[%emt 0:01:25]} 27. Re5 {[%emt 0:00:22]} Qd7 {[%emt 0:03:17]} 28. d5 {[%emt 0:00:34]} Bxd5 {[%emt 0:00:57]} 29. Rdxd5 {[%emt 0:00:24]} Qxd5 {[%emt 0:00:22]} 30. Rxd5 {[%emt 0:00:13]} exd5 {[%emt 0:00:04]} 31. Qd4 {[%emt 0:01:16]} Kf8 {[%emt 0:00:55]} 32. Bxh6 {[%emt 0:00:50]} Re4 {[%emt 0:00:42]} 33. Qxf6 {[%emt 0:00:14]} 1-0

[Event "XV Closed IM BCC 2021"]
[Site "Barcelona"]
[Date "2021.05.05"]
[Round "3.1"]
[White "Saya, Ethan"]
[Black "Nottola, Adrien"]
[Result "1-0"]
[WhiteElo "2230"]
[BlackElo "2101"]
[Annotator "TA"]
[PlyCount "97"]
[EventDate "2021.05.03"]
[EventType "tourn"]
[EventCountry "ESP"]
[SourceTitle "playchess.com"]
[Source "ChessBase"]
[SourceQuality "1"]

{[%evp 19,97,-19,2,0,-2,-33,-26,-31,-14,-23,-21,-30,-33,-33,-14,-31,-26,-39,-18,-18,12,0,0,-16,-20,-49,-33,-72,-49,-70,-58,-63,23,19,27,28,58,49,80,17,52,0,81,89,155,66,138,141,194,175,154,163,216,148,143,138,137,141,152,128,381,372,352,354,344,355,331,324,483,485,477,454,472,467,537,529,575,546,818,801]} 1. e4 c5 2. Nc3 Nc6 3. g3 g6 4. Bg2 Bg7 5. d3 d6 6. Be3 e5 7. Nge2 Nge7 8. O-O O-O 9. Qd2 Nd4 10. f4 Rb8 11. fxe5 {B26: Closed Sicilian: 3 g3, lines with early Be3.} dxe5 {[#]} 12. Nd1 $146 ({Predecessor:} 12. Rf2 Be6 13. a4 c4 14. Bxd4 exd4 15. Nb5 a6 16. Na3 c3 17. bxc3 dxc3 18. Qe1 b5 19. axb5 axb5 {0-1 (30) Veber,R (1816)-Horvath,P (2424) Ajka 2018}) 12... Bg4 13. Nc1 {Black has an edge.} Qd6 14. c3 Ndc6 15. Nf2 Be6 16. Ne2 Rfd8 17. Rfd1 b5 18. Bh3 f5 19. Bh6 Bf6 20. Bg5 Bf7 21. Rf1 Bg7 22. Qe3 b4 23. exf5 gxf5 24. cxb4 Rxb4 25. b3 Bg6 (25... Qg6 $15 26. Bxe7 Nxe7) 26. Rac1 $11 Nd4 27. Nxd4 Rxd4 28. Qe2 Rc8 29. Qf3 (29. Be3 $1 $16) 29... Qd5 30. Qe2 Qd6 31. Be3 $1 Rb4 {[#]} ({Black should try} 31... Nd5) 32. Qc2 ({Better is} 32. Ne4 $1 $16 {[%cal Re4d6][%mdl 512]} Qd5 33. Rxc5 (33. Bxc5 Rb7 $18) 33... Rxc5 34. Nxc5) 32... Rd4 33. Bxd4 $16 exd4 (33... cxd4 $16 34. Qd2 Rf8) 34. Bg2 Bh6 35. Rce1 Bf7 (35... Be3 $142 36. Kh1 Nd5) 36. Nh3 {[%cal Bf2h3,Bh3f4,Bf4d5][%mdl 32]} Be3+ 37. Kh1 Rf8 38. Nf4 Be8 39. Qe2 Nc6 $2 {[%mdl 8192] This move loses the game for Black.} (39... Kh8 $16 {was called for.} 40. Bb7 Qd7) 40. Nd5 $18 Bg5 41. Qe6+ Qxe6 42. Rxe6 Bd7 43. Ree1 Nd8 (43... Kg7 $142 44. h4 Bh6) 44. h4 {White is clearly winning.} Bh6 45. Re7 Bb5 46. Rd1 a6 47. a4 Bc6 48. Rf1 Nb7 49. Re6 {Weighted Error Value: White=0.14/Black=0.33} 1-0